African Cities by Clue - Statistics

General Stats
  • This quiz has been taken 28 times
  • The average score is 14 of 20
Answer Stats
Clue City % Correct
Pyramids, Nile, Tahrir Square Cairo
100%
Lighthouse, Mediterranean, Cleopatra Alexandria
96%
Nelson Mandela, Gold Rush, Apartheid Johannesburg
96%
Table Mountain, Desmond Tutu, Bo-Kaap Cape Town
92%
Carthage, Couscous, Sidi Bou Said Tunis
92%
Hassan II, Corniche, 1942 Film Casablanca
88%
Nollywood, Megacity, Third Mainland Bridge Lagos
88%
Rumble in the Jungle, Congo River, Most French Speakers Kinshasa
84%
Haile Selassie, African Union, Meskel Square Addis Ababa
80%
Karnak Temple, Valley of the Kings, "Open Air Museum" Luxor
80%
Freddie Mercury, Swahili Coast, Spices Zanzibar
76%
Kwame Nkrumah, Gold Coast, Independence Arch Accra
68%
German, Kalahari, Christuskirche Windhoek
68%
Lake Victoria, Kasubi Tombs, Buganda Kingdom Kampala
64%
Oil Industry, Portuguese Colony, Fortaleza de São Miguel Luanda
64%
Tanneries, Al-Qarawiyyin University, Hat Fes
52%
"Silicon Savannah", Uhuru Park, British Colonial Railway Nairobi
48%
Sahara, Djinguereber Mosque, Mansa Musa Timbuktu
48%
Goreé Island, African Renaissance, Négritude Dakar
36%
Yves Saint Laurent, Medina, 2023 Earthquake Marrakech
28%
No matching quizzes found
Score Distribution
Percent of People with Each Score
Percentile by Number Answered
Your Score History
You have not taken this quiz